| 000 | 00551nam a2200181 u 4500 | ||
|---|---|---|---|
| 005 | 20220906110154.0 | ||
| 008 | 100630s1998 mx r 000 0 spa d | ||
| 020 | _a9686454969 | ||
| 035 | _aUPN01000177069 | ||
| 049 | _aCG | ||
| 050 | 4 |
_aPN4784 I6 _bJ3.6 |
|
| 100 | 1 | _aJaramillo, Ana María | |
| 245 | 1 | 0 |
_aPlayas borrascosas : _bentrevistas con escritores veracruzanos / _cAna María Jaramillo. |
| 260 |
_aMéxico : _bSin Nombre : _bJuan Pablos, _c1998. |
||
| 300 |
_a182 p. : _bil. |
||
| 650 | 2 |
_aEntrevistas en periodismo _915114 |
|
| 905 | _aLibro | ||
| 999 |
_c149172 _d149172 |
||